Konjunkturní situace na světovém trhu průmyslových a potravinářských surovin

Gespeichert in:
Bibliographische Detailangaben
Format: Buch
Sprache:Tschechisch
Veröffentlicht: Praha Centrum vnějších ekonomických vztahů 1996
Ausgabe:1. vyd.
Schlagworte:
Tags: Tag hinzufügen
Keine Tags, Fügen Sie das erste Tag hinzu!

MARC

LEADER 00000nam a2200000 4500
001 c013147
005 20250526072252.4
041 0 |a cze 
044 |a CZ 
245 1 0 |a Konjunkturní situace na světovém trhu průmyslových a potravinářských surovin 
250 |a 1. vyd. 
264 1 |a Praha  |b Centrum vnějších ekonomických vztahů  |c 1996 
300 |a 42 s. 
610 2 0 |a konjunktúra 
610 2 0 |a priemysel 
610 2 0 |a potravinárstvo 
610 2 0 |a suroviny